000 00436nam a22001457a 4500
005 20251202115240.0
008 251202b |||||||| |||| 00| 0 eng d
020 _a9780008503901
082 _aDFic D349 2023
100 _aDeaver, Jeffery.
_969413
245 _aThe watch maker's hand /
_cJeffery Deaver.
260 _aIreland :
_bHarperCollins Publisher,
_c©2023.
300 _a415 pages :
_billustrations ;
_c20 cm.
942 _2ddc
_cDFIC
999 _c24206
_d24206